000 01206nam a2200241 a 4500
008 080109s1987 ||||||||||||||||| || u
020 _a0471915114
050 _aQ 223 Com
100 _aO'Connor, Maeve
245 1 0 _aCommunicating science to the public
_cedited by David Evered
260 _aNew York:
_bJohn Wiley and Sons
_c1987
300 _aix, 214p.: ill.
350 _a0.00
490 _aCiba Foundation conference
500 _a"Editors: David Evered (organizer) and Maeve O'Connor"--P. v. -Papers presented at the Conference on the Communication of Science, held at the Ciba Foundation, London, 14-16 Oct. 1986. -"A Wiley-Interscience publication." -Includes bibliographies and indexes.
650 _aSCIENCE NEWS--CONGRESSES
650 _aCOMMUNICATION IN SCIENCE--CONGRESSES
700 _aEvered, David
710 _aConference on the Communication of Science (1986 : Ciba Foundation)
856 _uhttp://www.loc.gov/catdir/toc/onix02/87008261.html
856 _uhttp://www.loc.gov/catdir/description/wiley032/87008261.html
995 _D0.00
_FCBU-MAIN LIBRARY (Kitwe)
_H1
_I62.50
_M1
_UAVAILABLE
_ZAnnex Low-Usage Collection
999 _c37910
_d37910